00375nam a2200133Ia 45000010005000000080041000050400013000460820020000591000024000792450076001032600044001793000011002235460007002341272140313s9999 xx 000 0 und d cPK-LaUMT a 616.855bDAR-D aFrederic L. Darlley aDiagnosis and appraisal of communication disorderscFrederic L. Darlley aNew Jersey, USA:bPrentice-Hall,c1964. a152 p. aEN